000 00527nam a2200181 4500
003 OSt
005 20240726071404.0
006 a
008 240726b |||||||| |||| 00| 0 eng d
020 _a9780764160899
040 _aDWCL-Main lib.
_cOC
082 _aRes. 419.70321 P823b 2007
100 _aPoor, Geoffrey, S.
245 _aBarron’s dictionary of American sign language /
260 _aN. Y. :
_bBarron’s Educational Series,
_cc2007.
300 _b304 p. : col. ill. ;
_c29 cm.
942 _2ddc
_n0
_cBK-0 CIRC
_kRes.
999 _c2821
_d2821